| 000 | 01563nam a2200265Ia 4500 | ||
|---|---|---|---|
| 999 |
_c54850 _d54850 |
||
| 001 | 21919 | ||
| 003 | GE_BSU | ||
| 005 | 20200605232004.0 | ||
| 008 | 181216s1991||||ge |||||||||||||| ||geo|| | ||
| 040 | _cGE_BSU | ||
| 041 | _ageo | ||
| 080 | _a811.353.1'38 ბ-29 | ||
| 100 |
_aბასილაია, ნ. _98305 |
||
| 245 |
_aქართული ენის პრაქტიკული სტილისტიკა : _bსახელმძღვ. განკუთვნილია ფილოლოგიის ფაკულტეტის სტუდენტებისთვის / _cნ. ბასილაია ; რედ. თ. ზურაბიშვილი, ც. კალაძე. |
||
| 264 |
_aთბილისი : _bგანათლება, _c1991. |
||
| 300 | _a374გვ;18სმ. | ||
| 504 | _aძირითადი ლიტ. : გვ. 369-371. ბიბლიოგრ. : გვ. 372-374. | ||
| 541 | _h7ლ.20თ. | ||
| 653 | _aსახელმძღვანელოში განხილულია სტილისტიკის როგორც თეორიული, ისე პრაქტიკული საკითხები | ||
| 653 | _aქართული ენა | ||
| 653 | _aქართული ენის პრაქტიკული სტილისტიკა | ||
| 700 |
_aზურაბიშვილი, თ. _eრედაქტორი _98306 |
||
| 700 |
_aკალაძე, ც. _eრედაქტორი _98307 |
||
| 942 |
_cBK _2udc |
||